000 00706cam a2200241 a 4500
001 000009615
005 20200929161637.0
008 991111s1999 sp 000 f spa
020 _a8476478976
040 _aDO-SdBNP
_cDLC
_dDLC
043 _ae-sp---
082 _a863.64
_bP452pe
100 1 _aPernas, Ramón.
_924465
245 1 0 _aPaso a dos /
_cRamón Pernas.
246 3 _aPaso a 2
260 _aSevilla :
_bAlgaida,
_c1999.
300 _a306 p. ;
_c23 cm.
586 _axxxi premio de novela ateneo de sevilla
650 4 _aNovela española
_91123
650 4 _aLiteratura española
_9632
651 4 _aEspaña
_xHistoria
_yGUERRA CIVIL, 1936-1939
_93531
910 _aCatalogación por copia / LC
999 _c9375
_d9375